Grammaire latine / (Record no. 158464)

MARC details
000 -LEADER
campo de control de longitud fija 00657nam a22001935i 4500
001 - NÚMERO DE CONTROL
campo de control 158464
003 - IDENTIFICADOR DE NÚMERO DE CONTROL
campo de control ES-MaACL
005 - FECHA Y HORA DE LA ÚLTIMA TRANSACCIÓN
campo de control 20230906211147.0
008 - DATOS DE LONGITUD FIJA--INFORMACIÓN GENERAL
campo de control de longitud fija 970605s1870 fr |||| | fre d
040 ## - FUENTE DE CATALOGACIÓN
Centro catalogador/agencia de origen CLM
Lengua de catalogación spa
Centro/agencia transcriptor CCPB | SIC
100 1# - ENTRADA PRINCIPAL--NOMBRE DE PERSONA
Nombre de persona Madvig, J.R.
9 (RLIN) 129326
245 10 - MENCIÓN DEL TÍTULO
Título Grammaire latine /
Mención de responsabilidad, etc. du J.R. Madvig ; traduite de l'allemand sur la quatrième édition par N. Theil.
260 ## - PUBLICACIÓN, DISTRIBUCIÓN, ETC.
Lugar de publicación, distribución, etc. Paris :
Nombre del editor, distribuidor, etc. Librairie de Firmin Didot Frères, Fils et Cie,
Fecha de publicación, distribución, etc. [s.a.]
300 ## - DESCRIPCIÓN FÍSICA
Extensión 204 p. ;
Dimensiones 32 cm.
596 #1 - NOTA AL PIE DE IMPRENTA
NOTA AL PIE DE IMPRENTA Prólogo fechado en 1870.
597 #1 - NOTA DE DESCRIPCIÓN FÍSICA
NOTA DE DESCRIPCIÓN FÍSICA Texto a dos col.
700 11 - ENTRADA AGREGADA--NOMBRE PERSONAL
Nombre de persona Theil, N.,
Término indicativo de función/relación
9 (RLIN) 133207
852 ## - LOCALIZACIÓN
Ubicación ES-MaACL
Número de control de estantería F-15035
Nota libre -- Enc. hol.
Holdings
Estatus retirado Estado de pérdida Estado de daño No para préstamo Biblioteca de origen Biblioteca actual Ubicación en estantería Fecha de adquisición Fuente de adquisición Total de préstamos Signatura topográfica completa Código de barras Visto por última vez Precio de reemplazo Tipo de ítem Koha
        Biblioteca del Ateneo de Madrid Biblioteca del Ateneo de Madrid Sala Pecera Planta 2 17/01/2008     F-15035 1165856 23/02/2023 23/02/2023 Libro impreso